Oční lékařství

Podrobná bibliografia
Hlavný autor: Kuchynka, Pavel, 1947- (Autor)
Médium: Kniha
Jazyk:čeština
Fyzický popis:[33], 768 s. fotogr., ilustr. 26 cm 1 CD-ROM
Vydavateľské údaje: Praha Grada 2007
ISBN:9788024711638
Vydanie:1. vyd.
Predmet:

MARC

LEADER 00000cam a2200000 a 4500
001 vtls009153549
003 SK-MaSNL
005 20260301023602.0
008 240313s2007 xr o f 011 0 cze
020 |a 9788024711638  |q (viaz.) 
040 |a SNK  |b slo  |c SNK  |e AACR2 
041 0 |a cze 
044 |a xr  |c CZ 
072 7 |a 617  |x Ortopédia. Chirurgia. Oftalmológia  |2 konspekt 
080 |a 617.7  |2 2001 
080 |a (048.8)  |2 2001 
100 1 |a Kuchynka, Pavel,  |d 1947-  |4 aut  |9 11728 
245 1 0 |a Oční lékařství  |c Pavel Kuchynka a kolektiv 
250 |a 1. vyd. 
260 |a Praha  |b Grada  |c 2007 
300 |a [33], 768 s.  |b fotogr., ilustr.  |c 26 cm  |e 1 CD-ROM 
650 0 7 |a oftalmológia  |2 SNKPH  |9 910 
650 0 7 |a Ophthalmology  |2 SNKPHeng  |9 268335 
655 7 |a monografie  |2 SNKPH  |9 70139 
655 7 |a Monographs  |2 SNKPHeng  |9 120675 
919 |a 978-80-247-1163-8 
999 |c 569457  |d 571387 
952 |t snkKUC 617.7/príl.  |a SNKMST  |b SNKMST  |y PREZ  |7 0  |p 17A0570186  |o snkIB 71766/príl.  |i snk2008/5448  |8 3  |3 Príloha: 1 CD-ROM  |z Príloha  |0 0  |1 0  |4 0  |d 2008-03-05  |l 0  |r 2025-08-12 00:00:00  |w 2026-02-23 
952 |t snkKUC 617.7 + 1 CD  |a SNKUST  |b SNKUST  |y PREZ  |7 0  |p 17A0570208  |o snkIB 71766  |i snk2008/5448  |8 3  |g 94.27  |3 Príloha: 1 CD-ROM  |0 0  |1 0  |4 0  |d 2008-03-05  |l 0  |r 2025-05-28 00:00:00  |w 2026-02-23